Die größten Städte mit C - Statistiken

Allgemein
  • Dieses Quiz wurde 301 mal gespielt
    103 seit der letzten Aktualisierung
  • Das Durchschnittsergebnis liegt bei 12 aus 35
Antwortstatistiken
Einwohner Antwort Land % Korrekt
4.600.000 Casablanca Marokko
84%
3.800.000 Caracas Venezuela
83%
9.800.000 Chicago USA
83%
4.800.000 Colombo Sri Lanka
67%
11.900.000 Chennai Indien
60%
15.200.000 Chengdu China
57%
1.500.000 Calgary Kanada
50%
5.100.000 Chittagong Bangladesch
50%
2.900.000 Cincinnati USA
50%
3.000.000 Cali Kolumbien
49%
1.700.000 Córdoba Argentinien
43%
2.550.000 Charlotte USA
41%
3.100.000 Cleveland USA
41%
3.500.000 Curitiba Brasilien
41%
2.850.000 Cebu Philippinen
39%
10.200.000 Chongqing China
39%
1.800.000 Columbus USA
35%
1.000.000 Cancún Mexiko
30%
2.000.000 Cotonou Benin
28%
10.000.000 Changsha China
22%
3.200.000 Campinas Brasilien
20%
1.180.000 Cartagena Kolumbien
20%
1.010.000 Chihuahua Mexiko
20%
3.075.000 Coimbatore Indien
17%
4.400.000 Changchūn China
13%
1.400.000 Cochabamba Bolivien
13%
1.600.000 Ciudad Juarez Mexiko
12%
2.500.000 Chandīgarh Indien
10%
1.140.000 Chángde China
10%
1.160.000 Changzhì China
6%
1.170.000 Cirebon Indonesien
5%
1.030.000 Cúcuta Kolumbien
5%
1.640.000 Cāngnan China
4%
1.130.000 Cheongju Südkorea
4%
1.190.000 Cuernavaca Mexiko
2%
Keine übereinstimmenden Quizze gefunden
Verteilung der Resultate
Anzahl Personen mit jedem Resultat
Perzentil nach korrekt beantworteten Fragen
Ihre Resultats-Entwicklung
Sie haben dieses Quiz seit der letzten Aktualisierung nicht gespielt